Els Valors polítics dels joves
Descripción Física:
89 p. ; 30 cm
Materias:
Joves -- Aspectes socials
MARC
| LEADER | 00000nam a2200000Ia 4500 | ||
|---|---|---|---|
| 001 | 23997 | ||
| 008 | 160829s1994 xx 000 0 cat d | ||
| 080 | |a Bib-131 | ||
| 245 | |a Els Valors polítics dels joves | ||
| 260 | |a [Barcelona] : |b Diputació de Barcelona. Oficina del Pla Jove, |c 1994 | ||
| 300 | |a 89 p. ; |c 30 cm | ||
| 490 | |a Dossier d'informació i documentació ; 1. Monogràfic | ||
| 590 | |a Ponències del Seminari "Els valors polítics dels joves | ||
| 650 | |a Joves |x Aspectes socials |9 49726 | ||
| 710 | 1 | |a Barcelona (Catalunya : Província). |b Oficina del Pla Jove |9 52707 | |
| 901 | |a Arxiu | ||
| 942 | |n 1 | ||
| 952 | |0 0 |1 0 |4 0 |6 BIB131 |7 1 |9 55550 |a Arxiu |b Arxiu |d 2016-12-01 |l 0 |o Bib-131 |p 23997 |r 2016-12-01 00:00:00 |w 2016-12-01 |y ARXIU | ||
| 999 | |c 59423 |d 59423 | ||